| 000 | 01051nab a2200253 4500 | ||
|---|---|---|---|
| 003 | AR-RoBPED | ||
| 005 | 20260430091952.0 | ||
| 008 | 260430b |||||||| |||| 00| 0 spa d | ||
| 040 | _aAR-RoBPED | ||
| 041 | _aspa | ||
| 100 | 1 |
_aPaez, Mariana _923338 _eDoctora en Ciencias Sociales |
|
| 245 | 1 | _aExpresión creativa en la formación docente / | |
| 260 |
_aBuenos Aires : _bNoveduc, _c2023 |
||
| 300 | _a42-45 p. | ||
| 500 | _aLa autora señala la necesidad de que la creatividad esté presente en todos los espacios educativos y se desarrolle en el devenir cotidiano del aula, sin quedar relegad a las clases de arte o a talleres específicos. | ||
| 650 | 7 |
_aFORMACION DE DOCENTES _91259 |
|
| 650 | 7 |
_aAULAS _910921 |
|
| 650 | 7 |
_aESPACIOS EDUCACIONALES _97392 |
|
| 650 | 7 |
_aCREATIVIDAD _919647 |
|
| 650 | 7 |
_aTALLERES ESCOLARES _9370 |
|
| 773 | 0 |
_020414 _940098 _dBuenos Aires : Noveduc, 1993- _tNovedades Educativas _w(AR-RoBPED)20414 _x03283534 |
|
| 942 |
_2udc _cREV _h37(05) _mNov 86 N° 393 (Dic.2023) _ak.32673 |
||
| 945 | _amar 04/2026 | ||
| 999 |
_c32673 _d32673 |
||